000 00681nam a2200229 i 4500
001 9702
003 ES-MaACL
005 20230906145734.0
007 t|
008 931129s1993 sp f |||| |dspa d
020 _a84-03-59469-0
080 _a86-34"19"
100 1 _aGoytisolo, Juan.
_959422
245 1 0 _aCuaderno de Sarajevo
_b: anotaciones de un viaje a la barbarie /
_cJuan Goytisolo.
260 _aMadrid :
_bEl Pais/Aguilar,
_cD.L. 1993.
300 _a136 p., [24] p. de lám. ;
_c20 cm.
490 1 _aEl viaje interior
651 4 _aSarajevo-
_xDescripción.
_9168234
830 0 _aEl viaje interior
_9178586
852 _aES-MaACL
_jL-17256
999 _c9702
_d9702